02158cam a2200373 4500003000900000005001700009020001500026035002700041041000700068050002200075082001700097245009100114264006500205300003900270336002100309337002500330338002300355504002700378505118400405526001001589526001001599526001001609526001001619526000801629526000801637526000801645526000801653526000801661526000801669526000801677610004701685700003001732700002201762PE-LiUPU20250731173124.0 a0967717108 a(Sirsi) i9780967717104 aen04aBX6153b.S65 200004a286.732bS7704aThe spirit of sacrifice Commitment /cEditado por James R. Nix y Fylvia Fowler Kline. 1aNampa, Idaho :bPacific Press Publishing Association,c2000. a243 páginas ;c20 centímetros. atext2rdacontent aunmediated2rdamedia avolume2rdacarrier aIncluye Bibliografía0 aThe Millerite Adventist Movement: William Miller. Joseph Bates. Charles Fitch. Leonard Hastings. Joshua V. Himes. James White. Camp meeting at exeter, New Hampshire. Preparing for the "great disappointment". Millerite faith in action. Early sabbath-keeping Adventism: Acceptance of the seventh-day sabbath. The first publications. The indefatigable "captain Bates". Sacrifice and the sabbath conference. Commitment of early pioneers. Happenings in rochester, New York. The Battle Creak years. Adventism goes west. Sabbath keepers settle in California. Pacific Press, Oakland, California. Personal Commitments: John N. Andrews. Mary Andrews. John O. Corliss. Stephen N. Haskell. Anna Knight. Alma McKibbin. Percy T. Magan. John G. Matterson. Washington Morse. William A. Spicer. R. A. Underwood. James and Ellen White. Conversions in the south: A church for slaves. Whipped and shot for their faith. Trouble on the yazoo river. Framed for murder. Educatinal Institutions. Avondale College. Oakwood College. Atlantic Union college. Health Institutions: Battle Creek sanatarium. Loma Linda University. Problems with sabbath observance: Tennessee chain gangs. Newspaper comments. aSEG42 aSEG41 aSEG40 aSEG39 aP94 aP87 aP86 aP85 aP77 aP76 aP3524aAdventistas del Séptimo DíaxPioneros.1 aKline, Fylvia Fowlereed.1 aNix James R.eed.